Футбол - це моє життя (Запис № 299878)

МАРК-запис
000 -Лідер
fixed length control field 00729nam a22001817a 4500
003 - Ідентифікатор контрольного номера
control field UA-OsUOA
001 - Контрольний номер
control field 13717
007 - Фіксоване поле фізичного опису
fixed length control field ta
008 - Елементи даних фіксованої довжини – загальна інформація
fixed length control field 20030617b un ||||| |||| 00| 0 ukr d
040 ## - Джерело каталогізації
Агенція оригінальної каталогізації UA-OsUOA
Агенція, яка здійснювала перезапис UA-OsUOA
Агенція, яка здійснювала модифікацію UA-OsUOA
100 ## - Основне введення – ім’я особи
Ім’я особи (НП) Рачковсьий Ю.
245 ## - Відомості про назву
Назва (НП) Футбол - це моє життя
Решта назви (НП) [Бесіда з В.Чирковим, який був у складі рівнен. футбол. команди "Авангард" у 70-80-х рр. 20 ст.]
Дані про відповідальність (НП) Ю. Рачковсьий; Ю. Рачковский
300 ## - Фізичний опис
Обсяг С.8
650 #7 - Додаткове предметне введення – тематичний термін
Тематичний термін чи географічна назва, як елемент введення (НП) Краєзнавча робота
Джерело заголовка чи терміна UDC
773 0# - Введення хост-одиниці (П)
Контрольний номер запису (П) 0
Назва (НП) Рівненський діалог
Місце, видавець та дата видання (НП) Рівне
-- 2003
Інформація про взаємозв’язок (П) №21/30 трав./
942 ## - Додаткові елементи входу (Коха)
Тип елемента Koha Стаття періодики
955 ## - Код типу видання за змістом
Код типу видання за змістом (НП) інше

Немає доступних примірників.